[Event "Mittelrhein Regionalliga 1718"]
[Site "Nordrheinwestfalen"]
[Date "2017.10.01"]
[Round "2.7"]
[White "Frost, Andreas"]
[Black "Schaefer, Timo"]
[Result "1/2-1/2"]
[WhiteElo "1910"]
[BlackElo "1849"]
[PlyCount "34"]
[EventDate "2017.09.10"]
[EventType "team-tourn"]
[EventRounds "9"]
[EventCountry "GER"]
[SourceTitle "EXT 2022"]
[Source "ChessBase"]
[SourceDate "2021.10.06"]
[SourceVersion "1"]
[SourceVersionDate "2021.10.06"]
[SourceQuality "1"]
[WhiteTeam "Wuerselen"]
[BlackTeam "Godesberg II"]
[WhiteTeamCountry "GER"]
[BlackTeamCountry "GER"]

1. g3 d5 2. Bg2 Nf6 3. d4 Bf5 4. c4 c6 5. Nf3 e6 6. 0-0 Bd6 7. Nc3 h6 8. Re1 Nbd7 9. Nd2 0-0 10. e4 dxe4 11. Ndxe4 Bc7 12. d5 exd5 13. Nxf6+ Nxf6 14. cxd5 cxd5 15. Nxd5 Nxd5 16. Qxd5 Qf6 17. Be3 Be6 1/2-1/2

[Event "Mittelrhein Verbandsliga-M 1112"]
[Site "Germany"]
[Date "2012.02.05"]
[Round "6.1"]
[White "Happ, Tobias"]
[Black "Schaefer, Timo"]
[Result "1-0"]
[WhiteElo "2046"]
[BlackElo "1832"]
[PlyCount "65"]
[EventDate "2011.09.18"]
[EventType "team-tourn"]
[EventRounds "11"]
[EventCountry "GER"]
[SourceTitle "EXT 2013"]
[Source "ChessBase"]
[SourceDate "2012.11.22"]
[SourceVersion "1"]
[SourceVersionDate "2012.11.22"]
[SourceQuality "1"]
[WhiteTeam "Hitdorf SV Springer"]
[BlackTeam "Godesberg V"]
[WhiteTeamCountry "GER"]
[BlackTeamCountry "GER"]

1. e4 c5 2. Nf3 d6 3. Bb5+ Bd7 4. Bxd7+ Qxd7 5. c4 Nc6 6. d4 cxd4 7. Nxd4 Nf6 8. Nc3 g6 9. f3 Bg7 10. Be3 Rc8 11. b3 0-0 12. Rc1 Rfd8 13. 0-0 Ne5 14. Qd2 a6 15. Rfd1 Ne8 16. Nd5 Rb8 17. a4 b6 18. Nb4 a5 19. Nd5 Nc7 20. h3 Bf8 21. Qf2 Na6 22. f4 Nc6 23. Nb5 Nc5 24. Nxb6 Qb7 25. Bxc5 dxc5 26. Rxd8 Rxd8 27. Nd5 e6 28. Nf6+ Kg7 29. e5 Nd4 30. Qh4 h6 31. Ng4 Kg8 32. Nxh6+ Kg7 33. Ng4 1-0

[Event "Bad Godesberg op 15th"]
[Site "Bad Godesberg"]
[Date "2011.07.30"]
[Round "8"]
[White "Froitzheim, Ralf"]
[Black "Schaefer, Timo"]
[Result "0-1"]
[WhiteElo "1759"]
[BlackElo "1867"]
[PlyCount "110"]
[EventDate "2011.07.23"]
[EventType "swiss"]
[EventRounds "9"]
[EventCountry "GER"]
[SourceTitle "EXT 2017"]
[Source "ChessBase"]
[SourceDate "2016.10.25"]
[SourceVersion "1"]
[SourceVersionDate "2016.10.25"]
[SourceQuality "1"]

1. c4 e5 2. g3 Nc6 3. Bg2 f5 4. Nc3 Nf6 5. d3 Bb4 6. Bd2 0-0 7. Nf3 d6 8. 0-0 a6 9. a3 Bc5 10. b4 Ba7 11. e3 h6 12. Nd5 Be6 13. Nxf6+ Rxf6 14. Bc3 Rf7 15. Qe2 Ne7 16. Bxe5 dxe5 17. Nxe5 c6 18. Nxf7 Bxf7 19. Rfd1 Qd7 20. d4 Rd8 21. Kh1 Qe6 22. Bf1 g5 23. Rac1 Bb8 24. Rd2 h5 25. Bg2 Qh6 26. Kg1 h4 27. e4 f4 28. g4 f3 29. Bxf3 Bf4 30. Rcd1 Bxd2 31. Rxd2 Ng6 32. d5 Nf4 33. Qd1 cxd5 34. exd5 h3 35. c5 Re8 36. d6 Qe6 37. Kf1 Qd7 38. Rd4 Qb5+ 39. Kg1 Qd7 40. Re4 Rxe4 41. Bxe4 Be6 42. f3 Kf8 43. Kf2 Qg7 44. Qd2 Ke8 45. c6 bxc6 46. Bxc6+ Bd7 47. Qc2 Qd4+ 48. Kf1 Qxd6 49. Qe4+ Kd8 50. Bxd7 Qd1+ 51. Qe1 Qxf3+ 52. Qf2 Qd3+ 53. Kg1 Ne2+ 54. Kf1 Ng3+ 55. Ke1 Qb1+ 0-1

[Event "Bad Godesberg op 15th"]
[Site "Bad Godesberg"]
[Date "2011.07.24"]
[Round "2"]
[White "Mueller, Achim2"]
[Black "Schaefer, Timo"]
[Result "0-1"]
[WhiteElo "1819"]
[BlackElo "1867"]
[PlyCount "66"]
[EventDate "2011.07.23"]
[EventType "swiss"]
[EventRounds "9"]
[EventCountry "GER"]
[SourceTitle "EXT 2017"]
[Source "ChessBase"]
[SourceDate "2016.10.25"]
[SourceVersion "1"]
[SourceVersionDate "2016.10.25"]
[SourceQuality "1"]

1. d4 d5 2. Nf3 Nf6 3. c4 c6 4. Nc3 a6 5. c5 g6 6. Bf4 Bg7 7. e3 0-0 8. Be2 Nbd7 9. h3 Re8 10. 0-0 Ne4 11. Qc2 e5 12. Nxe4 dxe4 13. Nxe5 Nxe5 14. dxe5 Bxe5 15. Rad1 Qa5 16. b4 Qc7 17. Qxe4 Bxh3 18. Bxe5 Rxe5 19. Qf4 Be6 20. Rd4 Bxa2 21. Rfd1 Re7 22. Qf6 Bd5 23. e4 Rxe4 24. Rxe4 Bxe4 25. Bc4 Re8 26. Re1 Qd7 27. Qd6 Bf5 28. Rxe8+ Qxe8 29. Kf1 Qd7 30. Qb8+ Kg7 31. Qe5+ f6 32. Qe2 Qc7 33. Qe8 Qf4 0-1